| 000 | 00548ntaaa2200181 4500 | ||
|---|---|---|---|
| 003 | 01 | ||
| 005 | 20251027201301.0 | ||
| 008 | 0714s1973 ag 01 | ||
| 040 |
_aAR-BaBN _bspa _cAR-BaBN _eaacr _dRIC |
||
| 082 | _a221.0100 Sch8h | ||
| 100 | _aSchultz, Samuel J. | ||
| 245 | _aHabla el Antiguo Testamento; un completo examen de la historia y la literatura del Antiguo Testament. | ||
| 250 | _a1 ed. | ||
| 260 |
_aBarcelona : _bPub. Portavoz Evangélico, _c1976 |
||
| 300 | _a416 p. | ||
| 650 | _aBiblia-Antiguo Testamento-Introducción | ||
| 942 | _cBK | ||
| 999 |
_c7209 _d7209 |
||